000
00253nam a22001217a 4500
003
SGT
082
_a
823
_b
SHA
100
_a
SHARMA SAVI
245
_a
EVERYONE HAS A STORY
260
_a
DELHI
_b
WESTLAND PUB
_c
2017
300
_a
175
942
_2
ddc
_c
BK
999
_c
33932
_d
33932